<?xml version="1.0" encoding="UTF-8"?>
<record
    xmlns:xsi="http://www.w3.org/2001/XMLSchema-instance"
    xsi:schemaLocation="http://www.loc.gov/MARC21/slim http://www.loc.gov/standards/marcxml/schema/MARC21slim.xsd"
    xmlns="http://www.loc.gov/MARC21/slim">

  <leader>00912nam a22002177a 4500</leader>
  <controlfield tag="005">20250903163907.0</controlfield>
  <datafield tag="010" ind1=" " ind2=" ">
    <subfield code="a">B-768965-976             ENG-146723                             BACEN25</subfield>
  </datafield>
  <datafield tag="020" ind1=" " ind2=" ">
    <subfield code="a">9781526622570</subfield>
    <subfield code="c">850.00</subfield>
  </datafield>
  <datafield tag="035" ind1=" " ind2=" ">
    <subfield code="a">B-768965-976</subfield>
  </datafield>
  <datafield tag="035" ind1=" " ind2=" ">
    <subfield code="a">EN-130255</subfield>
  </datafield>
  <datafield tag="037" ind1=" " ind2=" ">
    <subfield code="b">Parth</subfield>
  </datafield>
  <datafield tag="037" ind1=" " ind2=" ">
    <subfield code="b">DBAD</subfield>
    <subfield code="a">DPL</subfield>
  </datafield>
  <datafield tag="082" ind1=" " ind2=" ">
    <subfield code="a">910</subfield>
  </datafield>
  <datafield tag="100" ind1=" " ind2=" ">
    <subfield code="a">Peter Frankopan</subfield>
    <subfield code="9">84682</subfield>
  </datafield>
  <datafield tag="245" ind1=" " ind2=" ">
    <subfield code="a">The Earth Transformed:</subfield>
    <subfield code="b">An Untold History/</subfield>
    <subfield code="c">Peter Frankopan</subfield>
  </datafield>
  <datafield tag="260" ind1=" " ind2=" ">
    <subfield code="a">New Delhi </subfield>
    <subfield code="b">Bloomsbury Publishing India </subfield>
    <subfield code="c">2023</subfield>
  </datafield>
  <datafield tag="270" ind1=" " ind2=" ">
    <subfield code="a">Second Floor, LSC Building No. 4 DDA Complex Pocket C-6 &amp; 7, Vasant Kunj</subfield>
    <subfield code="b">New Delhi </subfield>
    <subfield code="e">110070</subfield>
  </datafield>
  <datafield tag="300" ind1=" " ind2=" ">
    <subfield code="a">695p.</subfield>
    <subfield code="c">24cm (Pbk)</subfield>
    <subfield code="b">Acknowlegment, index</subfield>
  </datafield>
  <datafield tag="942" ind1=" " ind2=" ">
    <subfield code="2">ddc</subfield>
    <subfield code="c">EN</subfield>
    <subfield code="h">910</subfield>
    <subfield code="m">PET</subfield>
  </datafield>
  <datafield tag="999" ind1=" " ind2=" ">
    <subfield code="c">209270</subfield>
    <subfield code="d">209270</subfield>
  </datafield>
  <datafield tag="952" ind1=" " ind2=" ">
    <subfield code="0">0</subfield>
    <subfield code="1">0</subfield>
    <subfield code="4">0</subfield>
    <subfield code="7">0</subfield>
    <subfield code="8">NFIC</subfield>
    <subfield code="a">L</subfield>
    <subfield code="b">L</subfield>
    <subfield code="d">2025-05-27</subfield>
    <subfield code="e">Parth Booksellers/16/19.3.25/48/15.3.25/26.3.25</subfield>
    <subfield code="g">850.00</subfield>
    <subfield code="l">0</subfield>
    <subfield code="o">910 PET</subfield>
    <subfield code="p">B-768965</subfield>
    <subfield code="r">2025-05-27 00:00:00</subfield>
    <subfield code="t">1</subfield>
    <subfield code="v">850.00</subfield>
    <subfield code="w">2025-05-27</subfield>
    <subfield code="y">EN</subfield>
  </datafield>
  <datafield tag="952" ind1=" " ind2=" ">
    <subfield code="0">0</subfield>
    <subfield code="1">0</subfield>
    <subfield code="4">0</subfield>
    <subfield code="7">0</subfield>
    <subfield code="8">NFIC</subfield>
    <subfield code="a">M</subfield>
    <subfield code="b">M</subfield>
    <subfield code="d">2025-05-27</subfield>
    <subfield code="e">Parth Booksellers/16/19.3.25/48/15.3.25/26.3.25</subfield>
    <subfield code="g">850.00</subfield>
    <subfield code="l">0</subfield>
    <subfield code="o">910 PET</subfield>
    <subfield code="p">B-768966</subfield>
    <subfield code="r">2025-05-27 00:00:00</subfield>
    <subfield code="t">2</subfield>
    <subfield code="v">850.00</subfield>
    <subfield code="w">2025-05-27</subfield>
    <subfield code="y">EN</subfield>
  </datafield>
  <datafield tag="952" ind1=" " ind2=" ">
    <subfield code="0">0</subfield>
    <subfield code="1">0</subfield>
    <subfield code="4">0</subfield>
    <subfield code="7">0</subfield>
    <subfield code="8">NFIC</subfield>
    <subfield code="a">M</subfield>
    <subfield code="b">M</subfield>
    <subfield code="d">2025-05-27</subfield>
    <subfield code="e">Parth Booksellers/16/19.3.25/48/15.3.25/26.3.25</subfield>
    <subfield code="g">850.00</subfield>
    <subfield code="l">0</subfield>
    <subfield code="o">910 PET</subfield>
    <subfield code="p">B-768967</subfield>
    <subfield code="r">2025-05-27 00:00:00</subfield>
    <subfield code="t">2</subfield>
    <subfield code="v">850.00</subfield>
    <subfield code="w">2025-05-27</subfield>
    <subfield code="y">EN</subfield>
  </datafield>
  <datafield tag="952" ind1=" " ind2=" ">
    <subfield code="0">0</subfield>
    <subfield code="1">0</subfield>
    <subfield code="4">0</subfield>
    <subfield code="7">0</subfield>
    <subfield code="8">NFIC</subfield>
    <subfield code="a">AV</subfield>
    <subfield code="b">AV</subfield>
    <subfield code="d">2025-05-27</subfield>
    <subfield code="e">Parth Booksellers/16/19.3.25/48/15.3.25/26.3.25</subfield>
    <subfield code="g">850.00</subfield>
    <subfield code="l">0</subfield>
    <subfield code="o">910 PET</subfield>
    <subfield code="p">B-768968</subfield>
    <subfield code="r">2025-05-27 00:00:00</subfield>
    <subfield code="t">1</subfield>
    <subfield code="v">850.00</subfield>
    <subfield code="w">2025-05-27</subfield>
    <subfield code="y">EN</subfield>
  </datafield>
  <datafield tag="952" ind1=" " ind2=" ">
    <subfield code="0">0</subfield>
    <subfield code="1">0</subfield>
    <subfield code="4">0</subfield>
    <subfield code="7">0</subfield>
    <subfield code="8">NFIC</subfield>
    <subfield code="a">BL1</subfield>
    <subfield code="b">BL1</subfield>
    <subfield code="d">2025-05-27</subfield>
    <subfield code="e">Parth Booksellers/16/19.3.25/48/15.3.25/26.3.25</subfield>
    <subfield code="g">850.00</subfield>
    <subfield code="l">0</subfield>
    <subfield code="o">910 PET</subfield>
    <subfield code="p">B-768969</subfield>
    <subfield code="r">2025-05-27 00:00:00</subfield>
    <subfield code="t">1</subfield>
    <subfield code="v">850.00</subfield>
    <subfield code="w">2025-05-27</subfield>
    <subfield code="y">EN</subfield>
  </datafield>
  <datafield tag="952" ind1=" " ind2=" ">
    <subfield code="0">0</subfield>
    <subfield code="1">0</subfield>
    <subfield code="4">0</subfield>
    <subfield code="7">0</subfield>
    <subfield code="8">NFIC</subfield>
    <subfield code="a">KGM</subfield>
    <subfield code="b">KGM</subfield>
    <subfield code="d">2025-05-27</subfield>
    <subfield code="e">Parth Booksellers/16/19.3.25/48/15.3.25/26.3.25</subfield>
    <subfield code="g">850.00</subfield>
    <subfield code="l">0</subfield>
    <subfield code="o">910 PET</subfield>
    <subfield code="p">B-768970</subfield>
    <subfield code="r">2025-05-27 00:00:00</subfield>
    <subfield code="t">1</subfield>
    <subfield code="v">850.00</subfield>
    <subfield code="w">2025-05-27</subfield>
    <subfield code="y">EN</subfield>
  </datafield>
  <datafield tag="952" ind1=" " ind2=" ">
    <subfield code="0">0</subfield>
    <subfield code="1">0</subfield>
    <subfield code="4">0</subfield>
    <subfield code="7">0</subfield>
    <subfield code="8">NFIC</subfield>
    <subfield code="a">JP</subfield>
    <subfield code="b">JP</subfield>
    <subfield code="d">2025-05-27</subfield>
    <subfield code="e">Parth Booksellers/16/19.3.25/48/15.3.25/26.3.25</subfield>
    <subfield code="g">850.00</subfield>
    <subfield code="l">1</subfield>
    <subfield code="o">910 PET</subfield>
    <subfield code="p">B-768971</subfield>
    <subfield code="r">2025-10-30 00:00:00</subfield>
    <subfield code="s">2025-10-16</subfield>
    <subfield code="t">1</subfield>
    <subfield code="v">850.00</subfield>
    <subfield code="w">2025-05-27</subfield>
    <subfield code="y">EN</subfield>
  </datafield>
  <datafield tag="952" ind1=" " ind2=" ">
    <subfield code="0">0</subfield>
    <subfield code="1">0</subfield>
    <subfield code="4">0</subfield>
    <subfield code="7">0</subfield>
    <subfield code="8">NFIC</subfield>
    <subfield code="a">ZLS</subfield>
    <subfield code="b">ZLS</subfield>
    <subfield code="d">2025-05-27</subfield>
    <subfield code="e">Parth Booksellers/16/19.3.25/48/15.3.25/26.3.25</subfield>
    <subfield code="g">850.00</subfield>
    <subfield code="l">3</subfield>
    <subfield code="m">4</subfield>
    <subfield code="o">910 PET</subfield>
    <subfield code="p">B-768972</subfield>
    <subfield code="r">2026-01-13 00:00:00</subfield>
    <subfield code="s">2025-12-05</subfield>
    <subfield code="t">1</subfield>
    <subfield code="v">850.00</subfield>
    <subfield code="w">2025-05-27</subfield>
    <subfield code="y">EN</subfield>
  </datafield>
  <datafield tag="952" ind1=" " ind2=" ">
    <subfield code="0">0</subfield>
    <subfield code="1">0</subfield>
    <subfield code="4">0</subfield>
    <subfield code="7">0</subfield>
    <subfield code="8">NFIC</subfield>
    <subfield code="a">VP</subfield>
    <subfield code="b">VP</subfield>
    <subfield code="d">2025-05-27</subfield>
    <subfield code="e">Parth Booksellers/16/19.3.25/48/15.3.25/26.3.25</subfield>
    <subfield code="g">850.00</subfield>
    <subfield code="l">0</subfield>
    <subfield code="o">910 PET</subfield>
    <subfield code="p">B-768973</subfield>
    <subfield code="r">2025-05-27 00:00:00</subfield>
    <subfield code="t">1</subfield>
    <subfield code="v">850.00</subfield>
    <subfield code="w">2025-05-27</subfield>
    <subfield code="y">EN</subfield>
  </datafield>
  <datafield tag="952" ind1=" " ind2=" ">
    <subfield code="0">0</subfield>
    <subfield code="1">0</subfield>
    <subfield code="4">0</subfield>
    <subfield code="7">0</subfield>
    <subfield code="8">NFIC</subfield>
    <subfield code="a">NR</subfield>
    <subfield code="b">NR</subfield>
    <subfield code="d">2025-05-27</subfield>
    <subfield code="e">Parth Booksellers/16/19.3.25/48/15.3.25/26.3.25</subfield>
    <subfield code="g">850.00</subfield>
    <subfield code="l">0</subfield>
    <subfield code="o">910 PET</subfield>
    <subfield code="p">B-768974</subfield>
    <subfield code="r">2025-05-27 00:00:00</subfield>
    <subfield code="t">1</subfield>
    <subfield code="v">850.00</subfield>
    <subfield code="w">2025-05-27</subfield>
    <subfield code="y">EN</subfield>
  </datafield>
  <datafield tag="952" ind1=" " ind2=" ">
    <subfield code="0">0</subfield>
    <subfield code="1">0</subfield>
    <subfield code="4">0</subfield>
    <subfield code="7">0</subfield>
    <subfield code="8">NFIC</subfield>
    <subfield code="a">BN</subfield>
    <subfield code="b">BN</subfield>
    <subfield code="d">2025-05-27</subfield>
    <subfield code="e">Parth Booksellers/16/19.3.25/48/15.3.25/26.3.25</subfield>
    <subfield code="g">850.00</subfield>
    <subfield code="l">0</subfield>
    <subfield code="o">910 PET</subfield>
    <subfield code="p">B-768975</subfield>
    <subfield code="r">2025-05-27 00:00:00</subfield>
    <subfield code="t">1</subfield>
    <subfield code="v">850.00</subfield>
    <subfield code="w">2025-05-27</subfield>
    <subfield code="y">EN</subfield>
  </datafield>
  <datafield tag="952" ind1=" " ind2=" ">
    <subfield code="0">0</subfield>
    <subfield code="1">0</subfield>
    <subfield code="4">0</subfield>
    <subfield code="7">0</subfield>
    <subfield code="8">NFIC</subfield>
    <subfield code="a">BL4</subfield>
    <subfield code="b">BL4</subfield>
    <subfield code="d">2025-05-27</subfield>
    <subfield code="e">Parth Booksellers/16/19.3.25/48/15.3.25/26.3.25</subfield>
    <subfield code="g">850.00</subfield>
    <subfield code="l">3</subfield>
    <subfield code="m">1</subfield>
    <subfield code="o">910 PET</subfield>
    <subfield code="p">B-768976</subfield>
    <subfield code="r">2026-04-25 14:56:53</subfield>
    <subfield code="s">2026-04-11</subfield>
    <subfield code="t">1</subfield>
    <subfield code="v">850.00</subfield>
    <subfield code="w">2025-05-27</subfield>
    <subfield code="y">EN</subfield>
  </datafield>
  <datafield tag="952" ind1=" " ind2=" ">
    <subfield code="0">0</subfield>
    <subfield code="1">0</subfield>
    <subfield code="4">0</subfield>
    <subfield code="7">0</subfield>
    <subfield code="8">NFIC</subfield>
    <subfield code="a">M</subfield>
    <subfield code="b">M</subfield>
    <subfield code="d">2025-09-03</subfield>
    <subfield code="e">Delivery of Books Act Division</subfield>
    <subfield code="g">850.00</subfield>
    <subfield code="l">0</subfield>
    <subfield code="o">910 PET</subfield>
    <subfield code="p">EN-130255</subfield>
    <subfield code="r">2025-09-03 00:00:00</subfield>
    <subfield code="t">1</subfield>
    <subfield code="v">850.00</subfield>
    <subfield code="w">2025-09-03</subfield>
    <subfield code="y">EN</subfield>
  </datafield>
</record>
